| 000 | 00659nam a22002057a 4500 | ||
|---|---|---|---|
| 005 | 20161108155029.0 | ||
| 010 | _aENG-116481 | ||
| 020 |
_c795.00 _a9780199458066 |
||
| 020 |
_c795.00 _a0199458065 |
||
| 035 | _aEN-100013 | ||
| 037 | _bDBAD/PUB | ||
| 082 | _a342.540852 | ||
| 100 | _aFarrah Ahmad | ||
| 245 |
_aReligion freedom under the personal law system / _cby Farrah Ahmed |
||
| 260 |
_aNew Delhi _bOxford University Press _c2016 |
||
| 270 |
_aYMCA Library Building, 1 Jai Singh Road, _bNew Delhi _e110001 |
||
| 300 |
_axxi,243p. _c23cm(Hb) |
||
| 500 | _a Includes bibliographical reference | ||
| 942 |
_2ddc _cEN _mMED _h342.540852 |
||
| 999 |
_c104537 _d104537 |
||